00990nam a22003017a 45000010005000000030006000050050017000110080041000280200018000690400029000870500018001160820008001341000017001422450046001592600039002053000060002444900032003045050008003365200151003445210029004955210020005246500022005446500021005666500021005876500023006086500021006316500036006528062FISKH20250820102018.0250820b cb ||||| |||| 00| 0 eng d a9780375829758 aFISKHbengcFISKHdFISKH a PZ7.B81618 A a480 aBrown, Marc  aArthur's classroom fib / cBy Marc Brown  aNew York : bRandom House ,c2007. a24 unnumbered pages : bcolor illustrations ;c23 cm .  aStep In To Reading vStep 3 aF  aAfter hearing about the exciting summer vacations of his classmates, Arthur decides to write an embellished version of his own summer experiences.8 a310 bLexile estimate 8 aF bRaz-Plus  aAardvarkvFiction aAnimalsvFiction aHonestyvFiction aVacationsvFiction aSchoolsvFiction aBrothers and sisters vFiction